El texto explicito y su enseñanza.

সংরক্ষণ করুন:
গ্রন্থ-পঞ্জীর বিবরন
প্রধান লেখক: Atorresi; Ana
অন্যান্য লেখক: Zamudio, Bertha
বিন্যাস: গ্রন্থ
ভাষা:English
প্রকাশিত: Bogotá: Editorial Kimpres, 2014.
বিষয়গুলি:
অনলাইন ব্যবহার করুন:Enlace del recurso
ট্যাগগুলো: ট্যাগ যুক্ত করুন
কোনো ট্যাগ নেই, প্রথমজন হিসাবে ট্যাগ করুন!

MARC

LEADER 00000nam a22000007a 4500
003 OSt
005 20160919203533.0
008 160721b xxu||||| |||| 00| 0 eng d
020 |a 9789506870462 
040 |c CO-BoIIE 
082 |a 370.986  |b A88t 
100 1 |9 503  |a Atorresi; Ana  
245 1 3 |a El texto explicito y su enseñanza.  |c Ana Atorresi, Berta Zamudio 
260 |a Bogotá:  |b Editorial Kimpres,  |c 2014. 
300 |a 143 p.  |b il. 
650 1 0 |a Educación.  |z Colombia  |9 1719 
650 1 0 |9 1975  |a Formación del personal docente 
650 1 0 |9 2082  |a Evaluación educativa 
700 1 |9 522  |a Zamudio, Bertha 
942 |2 ddc  |c BK 
999 |c 5092  |d 5092 
856 |u https://catalogo.idep.edu.co/cgi-bin/koha/opac-detail.pl?biblionumber=5092  |z Enlace del recurso